Khoa học - công nghệ Malt và bia

Sparad:
Bibliografiska uppgifter
Materialtyp: Bok
Språk:Vietnamese
Publicerad: Khoa học và kỹ thuật 2009
Taggar: Lägg till en tagg
Inga taggar, Lägg till första taggen!
Thư viện lưu trữ: Mạng thư viện Đại học Đà Nẵng
LEADER 00628nam a2200241 4500
001 000021006
003 17453
005 20150401100430.0
008 150401s2009 viesd
020 |c 128.000 
041 0 |a vie 
082 1 4 |a 663,42  |b Kh-H 
245 1 0 |a Khoa học - công nghệ Malt và bia  |c Nguyễn Thị Hiền (Chủ biên) 
260 |b Khoa học và kỹ thuật  |c 2009 
300 |a tr.  |c cm. 
OWN |a LSP 
999 |a From the UDN01 
TYP |a Monograph 
TYP |a Printed language 
980 |a Mạng thư viện Đại học Đà Nẵng